Current Politics / (Record no. 185364)
[ view plain ]
| 000 -LEADER | |
|---|---|
| fixed length control field | 00667 a2200169 4500 |
| 003 - CONTROL NUMBER IDENTIFIER | |
| control field | Nust |
| 005 - DATE AND TIME OF LATEST TRANSACTION | |
| control field | 20230306094211.0 |
| 040 ## - CATALOGING SOURCE | |
| Transcribing agency | Nust |
| 082 ## - DEWEY DECIMAL CLASSIFICATION NUMBER | |
| Classification number | 320,HUS |
| 100 ## - MAIN ENTRY--PERSONAL NAME | |
| Personal name | Hussain, A.M |
| 9 (RLIN) | 109759 |
| 245 ## - TITLE STATEMENT | |
| Title | Current Politics / |
| Statement of responsibility, etc. | A. M. Hussain & S.A Hussain |
| 260 ## - PUBLICATION, DISTRIBUTION, ETC. | |
| Place of publication, distribution, etc. | Pakistan |
| Name of publisher, distributor, etc. | Career Acadmy |
| Date of publication, distribution, etc. | 1950 |
| 505 ## - FORMATTED CONTENTS NOTE | |
| Formatted contents note | A Per Lude to Modern Times (Page-1), An Introduction to Politics (Page-10), The United Nations Organisation (Page-65), An introduction to Economics (Page-98), Geography of Pakistan (Page-147), Government of Pakistan (Page-186), World Political Affairs (Page-261). |
| 600 ## - SUBJECT ADDED ENTRY--PERSONAL NAME | |
| Personal name | A.M.Hussain |
| 9 (RLIN) | 109760 |
| 650 ## - SUBJECT ADDED ENTRY--TOPICAL TERM | |
| Topical term or geographic name entry element | Politics |
| 9 (RLIN) | 51824 |
| 942 ## - ADDED ENTRY ELEMENTS (KOHA) | |
| Source of classification or shelving scheme | |
| Koha item type | Book |
| Withdrawn status | Lost status | Source of classification or shelving scheme | Damaged status | Not for loan | Permanent Location | Current Location | Shelving location | Date acquired | Full call number | Barcode | Date last seen | Price effective from | Koha item type | Public note |
|---|---|---|---|---|---|---|---|---|---|---|---|---|---|---|
| Military College of Signals (MCS) | Military College of Signals (MCS) | General Stacks | 12/12/2016 | 320,HUS | MCS29461 | 12/08/2016 | 12/12/2016 | Book | Almirah No.73, Shelf No.4 |
